| 000 | 00000nam 2200000za 4500 |
| 001 | 9.635696 |
| 003 | CaOODSP |
| 005 | 20210624220358 |
| 007 | cr ||||||||||| |
| 008 | 150407|2007||||xxc|||||o f|0| 0 fre d |
| 040 | |aCaOODSP|bfre |
| 043 | |an-cn--- |
| 086 | 1 |aT29-27/2007F-PDF |
| 110 | 1 |aCanada.|bTransports Canada. |bSécurité maritime. |
| 245 | 10|aGuide d'application du règlement sur le contrôle et la gestion de l'eau de ballast du Canada |h[ressource électronique] |
| 246 | 1 |iTitre de renvoi : |aLignes directrices visant le contrôle des rejets des eaux de lest des navires dans les eaux de compétence canadienne |
| 250 | |a7e éd., 19 novembre 2007 |
| 260 | |aOttawa - Ontario : |bTransports Canada. |cc2000, rév. 19 novembre 2007. |
| 300 | |a49p.|bfigures, carte, tableaux |
| 500 | |aVariante de titre : "Lignes directrices visant le contrôle des rejets des eaux de lest des navires dans les eaux de compétence canadienne". |
| 520 | 3 |aA pour but de fournir des renseignements sur l’application. |
| 590 | |a08-32|b2008-08-08 |
| 691 | 07|aDroit maritime|2gcpds |
| 775 | 08|tA guide to Canada's ballast water control and management regulations |w(CaOODSP)9.691366 |
| 776 | 0#|tGuide d'application du règlement sur le contrôle et la gestion de l'eau de ballast du Canada |w(CaOODSP)9.683977 |
| 794 | |tGuide d'application du règlement sur le contrôle et la gestion de l'eau de ballast du Canada |w(CaOODSP)9.856786 |
| 856 | 40|ahttp://publications.gc.ca|qPDF|s1066 Ko|uhttps://publications.gc.ca/collections/collection_2008/tc/T29-27-2007F.pdf |
| 986 | |aTP 13617F |